000 01599nam2a2200289 i 4500
001 RU\NLR\BIBL_A\010827108
005 20240728202956.0
010 _a9785170900787
_94000
021 _aRU
_b2015-54422
_93213
035 _a(NLR Aleph) 010827108
090 _a10269467
_c10269467
100 _a20150831d2015 u y0rusy50 ca
101 1 _arus
_cswe
102 _aRU
105 _ay|||z|||000yy
200 1 _aПодсказки пифии
_e[финал сенсационной трилогии
_eроман]
_gпер. с шведского Елены Тепляшиной
210 _d2015
215 _a470, [1] с.
225 1 _aЛучший скандинавский триллер
225 1 _aМировой бестселлер
300 _aСодержит нецензурную брань
461 0 _1001RU\NLR\BIBL_A\010669731
_12000#$aСлабость Виктории Бергман$eкриминальная трилогия Йеркера Эрикссона и Хокана Аксландера Сундквиста$fЭрик Арксл Сунд$gпер. со швед. Анны Савицкой$v[Ч. 3]
_1700#1$aСунд$bЭ. А.$gЭрик Аксл$3RU\NLR\AUTH\770141654
_99600644
_aСунд, Э. А.
_cМосква
_d2014
_fЭрик Арксл Сунд
_nАСТ
_oкриминальная трилогия Йеркера Эрикссона и Хокана Аксландера Сундквиста
_tСлабость Виктории Бергман
_v[Ч. 3]
942 _cBOOK
980 _aNBR